000
00431nam a2200133Ia 4500
008
100328s9999 xx 000 0 und d
082
_b
57304
100
_a
गोडबोले मंगला
245
_a
सात, आठ ते सावर आठ
260
_b
नवचैतन्य
630
_a
सात, आठ ते सावर आठ
730
_a
सात, आठ ते सावर आठ
942
_c
BOOK
999
_c
543766
_d
543763